| 000 | 00515cas a22001935a 4500 | ||
|---|---|---|---|
| 001 | L138975 | ||
| 008 | 070719d1991 xxkar p 0 a0eng u | ||
| 035 | _a(Sirsi) u138975 | ||
| 041 | 0 | _aeng | |
| 245 | 0 | 0 |
_aProspects for Recovery _ban Estates Times Review |
| 260 |
_aLondon _bMorgan-Grampian _c[1991] |
||
| 362 | 0 | _aMay 1991 | |
| 520 | _aA supplement to Estates Times | ||
| 554 | _aOne per year | ||
| 651 | 4 |
_aGreat Britain _y1707- |
|
| 690 | _aPROPERTY | ||
| 785 | 0 | 0 |
_tProperty Week _x0969-7594 |
| 942 | _n0 | ||
| 999 |
_c119060 _d119060 |
||